| 000 | 01473nam0a2200301 4500 | ||
|---|---|---|---|
| 001 | RU\NLR\BIBL_A\012730852 | ||
| 005 | 20250624133546.0 | ||
| 035 | _a(NLR Aleph) 012730852 | ||
| 090 |
_a12971477 _c12971477 |
||
| 100 | _a20220316d1913 |||y0rusy50 ca | ||
| 101 | 0 | _arus | |
| 102 | _aRU | ||
| 105 | _aa g 000 y | ||
| 181 | 0 |
_ai _baxxe |
|
| 182 | 0 | _an | |
| 200 | 1 |
_aЭлектрическая арматура и стекло для электрических арматур _e[прейс-курант] _fС.В. Григорьев. Москва |
|
| 203 |
_aТекст _bвизуальный _cнепосредственный |
||
| 210 |
_aМосква _cТипография Ф.Я. Пригорина _d1913 |
||
| 215 |
_a9 л. _cил. _d26 |
||
| 300 | _aГод издания по дате поступления в ИПБ | ||
| 606 | 1 |
_aСветильники _jПрейскуранты _92314784 _3RU\NLR\AUTH\661385156 |
|
| 606 | 1 |
_aЭлектрическое освещение _jПрейскуранты _91251943 _3RU\NLR\AUTH\66195618 |
|
| 686 | 1 | _aз294-53я87 | |
| 710 | 0 | 0 |
_aГригорьев _gС.В. _hфирма _cМосква012832343 71202 L _aАстраханский государственный архитектурно-строительный университет _bКафедра архитектуры и градостроительства _4475 |
| 852 |
_aNLR _j20.31.9.389 |
||
| 942 | _cBOOK | ||
| 980 | _aNB | ||